Thor: Ragnarok (2017) Characters - Statistics

General Stats
  • This quiz has been taken 107 times
  • The average score is 14 of 17
Answer Stats
Hint Answer % Correct
Luke Hemsworth Actor Thor
100%
Chris Hemsworth Thor
100%
Matt Damon Actor Loki
99%
Mark Ruffalo Hulk
99%
Tom Hiddelston Loki
99%
Tessa Thompson Valkyrie
95%
Benedict Cumberbatch Doctor Strange
93%
Cate Blanchett Hela
92%
Sam Neill Actor Odin
90%
Anthony Hopkins Odin
90%
Scarlett Johansson Black Widow
87%
Jeff Goldblum Grandmaster
87%
Taika Waititi Korg
82%
Idris Elba Heimdall
80%
Karl Urban Skurge
49%
Ray Stevenson Volstagg
36%
Zachary Levi Fandral
34%
No matching quizzes found
Score Distribution
Percent of People with Each Score
Percentile by Number Answered
Your Score History
You have not taken this quiz